LEADER 01192nam a2200277 u 4500 001 000000171522 003 CaOOAMICUS 005 20190304095343.0 008 190304s2018 it u000 u ita u 020 $a978-88-8333-777-2* 032 $aLibriCat 040 $aPUL(R)$bita$dPUL(R) 100 1 $aReyes, Cristina.$0(OLS)http://pul/name/110150 245 10$aEsistenza e persona:$btra il primo Heidegger e la metafisica dell'essere /$cCristina Reyes. 260 $aRoma :$bEDUSC,$cc2018. 300 $a133 p.;$c23 cm 600 14$aHeidegger, Martin,$d1889-1976$xCritica e interpretazione.$0(OLS)http://pul/subject/4941 650 4$aPersona (filosofia).$0(OLS)http://pul/subject/2012 650 4$aOntologia.$0(OLS)http://pul/subject/4424 850 $aPUL 852 $aPUL$W1$xSL Filosofia 3$y81$m111 REYCR 1$j195258$qDDC 21$B200139$CPULBib$Z2$F200139 $H132290 $82 941 1 $a9 996 $6020$a978-88-8333-777-2*$9(OLS)http://pul/number/165762 996 $6245$aEsistenza e persona:$btra il primo Heidegger e la metafisica dell'essere$9(OLS)http://pul/title/212327 996 $6260$aRoma :$bEDUSC$9(OLS)http://pul/publisher/79480 LEADER 01329nam a2200325 a 4500 001 000000174348 003 CaOOAMICUS 005 20210308160517.0 008 210308s2019 gw u000 u ger r 020 $a978-3-451-26815-1* 032 $aLibriCat 040 $aPUL$bita 082 04$a221.7 100 1 $aKnauf, Ernst Axel.$0(OLS)http://pul/name/35481 245 10$a1 Könige 15-22 /$cÜbersetzt und ausgelegt von Ernst Axel Knauf. 260 $aFreiburg ;$aBasel ;$aWien :$bHerder,$c©2019. 300 $a536 p. ;$c24 cm 490 1 $aHerders Theologischer Kommentar zum Alten Testament 504 $aInclude riferimenti bibliografici. 630 04$aBiblia.$pV.T.$pRegum$xCommenti.$0(OLS)http://pul/subject/1484 830 0$aHerders Theologischer Kommentar zum Alten Testament.$0(OLS)http://pul/title/110260 850 $aPUL 852 $aPUL$W1$xSL Religione 3$y85$m221. 7 COLL 1.10.2$j198659$qDDC 21$B203268$CPULBib$Z2$F203268 $H134829 $82 941 1 $a9 983 0$aHThKAT. 996 $6020$a978-3-451-26815-1*$9(OLS)http://pul/number/168068 996 $6082$a221.7$9(OLS)http://pul/classification/623 996 $6245$a1 Könige 15-22$9(OLS)http://pul/title/215593 996 $6260$aFreiburg ;$aBasel ;$aWien :$bHerder$9(OLS)http://pul/publisher/48104